000 00262nam a2200109Ia 4500
008 200302s9999 xx 000 0 und d
100 _aDavid Dernie
245 _aArchitectural Drawing 2nd ed
260 _bLaurence King Publishing
260 _c2010
300 _a208
999 _c6020
_d6020